000 00747nam a2200217 a 4500
001 000046772
005 20201002053119.0
008 180322s2015 dr r 000 0 spa d
020 _a9789945590333
040 _aDO-SdBNP
_bspa
_cBNPHU
082 _axxxx
_bC719c
245 0 3 _aLa Colonia China en República Dominicana y otros temas periodísticos. /
_cJavier Valdivia ...[et al.].
260 _aSanto Domingo :
_bFundación Gobal Democracia y Desarrollo,
_c2015.
300 _a157 p. ;
_c24 cm.
590 _aInventariado,2018/DG
586 _aPremio Funglode de periodismo Rafael Herrera
700 1 _aSantelises, Yinett
_974738
700 1 _aCalcaño, Saury
_974739
700 1 _aCruz, Francis de la
_974740
700 1 _aBatista, Ana
_974741
999 _c46261
_d46261